Pascal for engineers / (Record no. 541684)
[ view plain ]
| 000 -LEADER | |
|---|---|
| fixed length control field | 00624pam a2200193 a 4500 |
| 020 ## - INTERNATIONAL STANDARD BOOK NUMBER | |
| International Standard Book Number | 0205113192 : |
| 082 00 - DEWEY DECIMAL CLASSIFICATION NUMBER | |
| Classification number | 005.133 |
| Author Mark | BAR |
| -- | m-L-02,.P-175 |
| 100 1# - MAIN ENTRY--PERSONAL NAME | |
| Personal name | Barnard, David T. |
| 9 (RLIN) | 36675 |
| 245 10 - TITLE STATEMENT | |
| Title | Pascal for engineers / |
| Statement of responsibility, etc. | David T. Barnard, David B. Skillicorn. |
| 260 ## - PUBLICATION, DISTRIBUTION, ETC. | |
| Place of publication, distribution, etc. | Boston : |
| Name of publisher, distributor, etc. | Allyn and Bacon, |
| Date of publication, distribution, etc. | c1988. |
| 300 ## - PHYSICAL DESCRIPTION | |
| Extent | xxi, 472 p. ; |
| Dimensions | 24 cm. |
| 500 ## - GENERAL NOTE | |
| General note | Includes index. |
| 526 ## - STUDY PROGRAM INFORMATION NOTE | |
| Program name | 0 |
| Interest level | 0 |
| Reading level | 0 |
| Title point value | 005_133000000000000_BAR |
| 650 #0 - SUBJECT ADDED ENTRY--TOPICAL TERM | |
| Topical term or geographic name entry element | Engineering |
| General subdivision | Data processing. |
| 9 (RLIN) | 19414 |
| 650 #0 - SUBJECT ADDED ENTRY--TOPICAL TERM | |
| Topical term or geographic name entry element | MCE |
| 9 (RLIN) | 379 |
| 650 #0 - SUBJECT ADDED ENTRY--TOPICAL TERM | |
| Topical term or geographic name entry element | Pascal (Computer program language) |
| 9 (RLIN) | 14014 |
| 700 1# - ADDED ENTRY--PERSONAL NAME | |
| Personal name | Skillicorn, David B. |
| 9 (RLIN) | 36676 |
| 942 ## - ADDED ENTRY ELEMENTS (KOHA) | |
| Source of classification or shelving scheme | |
| Koha item type | Book |
| Withdrawn status | Lost status | Source of classification or shelving scheme | Damaged status | Not for loan | Permanent Location | Current Location | Date acquired | Total Checkouts | Full call number | Barcode | Date last seen | Price effective from | Koha item type |
|---|---|---|---|---|---|---|---|---|---|---|---|---|---|
| Military College of Engineering (MCE) | Military College of Engineering (MCE) | 08/22/2013 | 005.133 BAR | MCE-27543 | 08/22/2013 | 08/22/2013 | Book |
